000 01495cam a2200421 a 4500
001 1815
003 FISKH
005 20231004083310.0
008 080627s2009 nyuab j b 001 0 eng
010 _a 2008028623
020 _a9780531210932 (lib. bdg.)
020 _a0531210936 (lib. bdg.)
035 _a(OCoLC)ocn233485099
040 _aDLC
_cDLC
_dIG#
_dBTCTA
_dJED
_dJQQ
_dDLC
_beng
042 _alcac
043 _an-us---
050 0 0 _aCR113
_b.B37 2009
082 0 0 _a929.9/20973
_222
100 1 _aBehrens, Janice,
_d1972-
245 1 0 _aWhat is the story of our flag? /
_cby Janice Behrens.
246 3 _aWhat's the story of our flag?
260 _aNew York :
_bScholastic ,
_c2009.
300 _a24 pages :
_bcolor illustrations ; maps ;
_c22 cm.
490 1 _aAmerican symbols
490 1 _aScholastic news nonfiction readers
505 _aN
520 _aAn introduction to the history of the U.S. flag.
521 8 _a570
_bLexile
521 8 _aN
_bRaz-Plus
650 0 _aFlags
_zUnited States
_vJuvenile literature.
650 1 _aFlags.
830 0 _aAmerican symbols (Children's Press)
830 0 _aScholastic news nonfiction readers.
856 4 1 _3Table of contents only
_uhttp://www.loc.gov/catdir/toc/ecip0822/2008028623.html
906 _a7
_bcbc
_corignew
_d1
_eecip
_f20
_gy-gencatlg
942 _2ddc
_cBK
_n0
999 _c1815
_d1815